• 首页
  • 本馆介绍
  • 公告通知
  • 最新文献
  • 馆藏检索
  • 电子资源
  • 读者导购
  • 参考咨询
  • 我的图书馆
  • 登录
  • 详细信息显示
  • 放入我的书架
  • 预约/预借图书
  • 作者相关作品
  • 分类相关作品
  • 丛书相关作品
  • 出版社相关作品

书目信息

  • 表格格式
  • 工作单格式
  • 卡片格式
题名:
俄语自学课本
    
 
作者: ;北京外语学院俄语系 编
分册:  
出版信息: 北京   商务印书馆  1983
页数: 685页
开本: 21cm
丛书名:
单 册:
中图分类: H35 , H3
科图分类:
主题词: 外语--常用--教材
电子资源:
ISBN:
000 00652nam0 2200241 450
001 1548535293
005 20150120133253.95
010    @dCNY2.70
091    @a9017.1199(1)
091    @a9017.1266(2)
100    @a19950425d1983 em y0chiy0110 ea
101 0  @achi@aspa
102    @aCN@b110000
105    @ay z 000yy
200 1  @a俄语自学课本@9e yu zi xue ke ben@f北京外语学院俄语系编
210    @a北京@c商务印书馆@d1983
215    @a685页@d21cm
606 0  @a外语@x常用@x教材
690    @aH35@v5
690    @aH3@v4
711 02 @a北京外语学院俄语系@9bei jing wai yu xue yuan e yu xi@4编
801  0 @aCN@bTSSF@c20150120
905    @aZUCC@dH3@eJY5:1
    
    俄语自学课本/北京外语学院俄语系编.-北京:商务印书馆,1983
    685页;21cm
    
    
    ISBN :CNY2.70
    
●
相关链接 在E读中查询图书 在五车中查询图书 在当当中查询图书 在豆瓣中查询图书


正题名:俄语自学课本     索取号:H3/JY5:1         预约/预借

序号 登录号 条形码 馆藏地/架位号 状态 备注
1 7849794   278497949   学院路分馆/ [索取号:H3/JY5:1] 在馆    
唐山师范学院图书馆 欢迎您!
大连网信软件有限公司© 版权所有